<?xml version="1.0" encoding="UTF-8"?>
<collection xmlns="http://www.loc.gov/MARC21/slim">
 <record>
  <leader>01230nam a2200193 a 4500</leader>
  <controlfield tag="001">1/33702</controlfield>
  <controlfield tag="008">071101s2004    gr       b    10010 gre d</controlfield>
  <datafield tag="020" ind1=" " ind2=" ">
   <subfield code="a">9601511679</subfield>
  </datafield>
  <datafield tag="035" ind1=" " ind2=" ">
   <subfield code="l">36133</subfield>
  </datafield>
  <datafield tag="040" ind1=" " ind2=" ">
   <subfield code="a">GR-PeUP</subfield>
  </datafield>
  <datafield tag="082" ind1="0" ind2="0">
   <subfield code="a">341.481 ΣΥΝ</subfield>
  </datafield>
  <datafield tag="111" ind1="2" ind2=" ">
   <subfield code="a">Συνέδριο Ένωσης Ελλήνων Ποινικολόγων</subfield>
   <subfield code="n">(3ο:</subfield>
   <subfield code="d">2004:</subfield>
   <subfield code="c">Χανιά, Ελλάδα)</subfield>
  </datafield>
  <datafield tag="245" ind1="1" ind2="2">
   <subfield code="a">Η ευρωπαϊκή σύμβαση για τα δικαιώματα του ανθρώπου :</subfield>
   <subfield code="b">πενήντα χρόνια εφαρμογής : 3ο συνέδριο, 3-4 Οκτωβρίου 2003, Μεγάλο Αρσενάλι-Παλαιό λιμάνι /</subfield>
   <subfield code="c">Ένωση Ελλήνων Ποινικολόγων.</subfield>
  </datafield>
  <datafield tag="260" ind1="0" ind2=" ">
   <subfield code="a">Αθήνα-Κομοτηνή :</subfield>
   <subfield code="b">Αντ. Σάκκουλα,</subfield>
   <subfield code="c">2004.</subfield>
  </datafield>
  <datafield tag="300" ind1=" " ind2=" ">
   <subfield code="a">253 σ. ;</subfield>
   <subfield code="c">24 εκ.</subfield>
  </datafield>
  <datafield tag="504" ind1=" " ind2=" ">
   <subfield code="a">Περιέχει βιβλιογραφία.</subfield>
  </datafield>
  <datafield tag="650" ind1=" " ind2="4">
   <subfield code="a">Ευρωπαϊκή Σύμβαση των Ανθρωπίνων Δικαιωμάτων και των Θεμελιωδών Ελευθεριών, 1950.</subfield>
  </datafield>
  <datafield tag="710" ind1="2" ind2=" ">
   <subfield code="a">Ένωση Ελλήνων Ποινικολόγων.</subfield>
  </datafield>
  <datafield tag="852" ind1=" " ind2=" ">
   <subfield code="a">INST</subfield>
   <subfield code="b">UNIPILB</subfield>
   <subfield code="c">MAIN</subfield>
   <subfield code="e">20071101</subfield>
   <subfield code="h">341.481 ΣΥΝ</subfield>
   <subfield code="p">00154000</subfield>
   <subfield code="q">00154000</subfield>
   <subfield code="t">DES</subfield>
   <subfield code="y">0</subfield>
   <subfield code="4">1</subfield>
  </datafield>
 </record>
</collection>
